Manual de evaluación de impacto ambiental : técnicas para la elaboración de estudios de impacto /

Con base en la Ley de la Política Ambiental Nacional (NEPA por sus siglas en inglés) de Estados Unidos, en este libro se presentan los elementos para llevar a cabo un estudio de impacto ambiental: base, identificación de impactos, descripción del ambiente afectado, predicción y evaluación de impacto...

Ful tanımlama

Kaydedildi:
Detaylı Bibliyografya
Yazar: Canter, Larry W. (autor)
Materyal Türü: Kitap
Dil:İspanyolca
Baskı/Yayın Bilgisi: Madrid, España : McGraw-Hill, 1998, c1998
Seri Bilgileri:(Manuales McGraw-Hill de Ingeniería y Ciencia)
Konular:
Etiketler: Etiketle

MARC

LEADER 00000nam^a2200000^a^4500
001 000094660
005 20250521000000.0
009 20260310092841.418
020 |a 84-481-1251-2 
037 |a Acervo ITESO - Biblioteca 
041 |a ESP 
082 |a 628. 168  |b CAN 
100 |a Canter, Larry W.  |e (autor) 
245 1 0 |a Manual de evaluación de impacto ambiental :  |b técnicas para la elaboración de estudios de impacto /  |c L.W. Canter ; tr. por Ignacio Español Echániz... [et al.]. 
264 4 |a Madrid, España :  |b McGraw-Hill,  |c 1998, c1998 
300 |a 841 p. 
336 |a texto  |b txt  |2 rdacontenido 
337 |a sin mediación  |b n  |2 rdamedio 
338 |a volumen  |b nc  |2 rdasoporte 
440 1 |a (Manuales McGraw-Hill de Ingeniería y Ciencia) 
500 |a Traducción de: Environmental impact assessment 
520 |a Con base en la Ley de la Política Ambiental Nacional (NEPA por sus siglas en inglés) de Estados Unidos, en este libro se presentan los elementos para llevar a cabo un estudio de impacto ambiental: base, identificación de impactos, descripción del ambiente afectado, predicción y evaluación de impactos, selección de la actuación propuesta y documentación de acuerdo a determinadas directrices. 
590 |a Traducción de la 2a edición en inglés 
649 |a XX 
650 |a Impacto Ambiental 
650 |a Calidad Ambiental 
650 |a Política Ambiental 
650 |a Conservación y Protección Ambiental 
650 |a Ingeniería Ambiental 
910 |a Fondo General 
920 |a Impresos - Libros 
930 |a Colección General 
905 |a 101 
901 |a 0500116985  |b IT1  |c ACC  |u 20250521 
902 |a https://opac.biblio.iteso.mx/vufind/Record/000094660